000 00898nam a2200277 i 4500
001 186261
003 SpMaBN
005 20250825062634.0
008 160929s2014 sp |||| | spa d
020 _a978-84-7960-659-6
080 _a821.134.2-14"20"
100 1 _aCasado, Marina,
_d1989-
_9240173
245 1 4 _aLos despertares /
_cMarina Casado.
250 _a1ª ed.
260 _aMadrid :
_bEdiciones de la Torre,
_c2014.
300 _a90 p. ;
_c21 cm.
490 1 _aNuestro mundo.
_aLírica ;
_v10
490 1 _aEdiciones de la Torre ;
_v594
650 7 _9142901
_aPoesías-
_vLibros infantiles
655 7 _aLibros infantiles
_2tgfbne
_9226786
830 0 _aNuestro mundo.
_aLírica ;
_v10
_9225383
830 0 _aEdiciones de la Torre ;
_v594
_9192503
852 _aES-MaACL
_jA-13869
_9193316
_bR.151250
_cDEPO1
_dOlim: N-6869
942 _2udc
_cMONOGRAFIA
999 _c186261
_d186261